|
|
|
|
| LEADER |
00000cab a2200000 a 4500 |
| 001 |
vtls010884145 |
| 003 |
SK-MaSNL |
| 005 |
20260303115326.0 |
| 008 |
230127|1959 xo |||||||||||||||||slo| |
| 015 |
|
|
|a SNBRB
|
| 035 |
|
|
|a (urnnbn)urn:nbn:sk:snk:ar-0029nk
|
| 035 |
|
|
|a (uuid)62f5246c-3c11-47c7-b8e0-69aefc8b4313
|
| 035 |
|
|
|a urn:nbn:sk:snk-ab8fi2
|
| 040 |
|
|
|a SNKBUCL
|b slo
|c SNKBUCL
|e AACR2
|
| 041 |
0 |
|
|a slo
|
| 044 |
|
|
|a xo
|c SK
|
| 080 |
|
|
|a 728.82
|2 2011
|
| 100 |
1 |
|
|a Sabol, Eugen,
|d 1914-1989
|4 aut
|9 187122
|
| 245 |
1 |
0 |
|a Kaštieľ Markušociach
|c Eugen Sabol
|
| 650 |
0 |
7 |
|a kaštiele
|2 SNKPH
|9 28599
|
| 651 |
|
7 |
|a Markušovce (Slovensko)
|2 SNKPHgeo
|9 31735
|
| 773 |
0 |
|
|t Pamiatky a múzeá : revue pre kultúrne dedičstvo
|g Roč. 8, č. 4 (1959), s. 172-175
|
| 954 |
|
|
|a odborná, vedecká literatúra pôvodná (slovenská)
|2 lita
|
| 958 |
|
|
|a OND
|
| 958 |
|
|
|a EUIPO
|
| 958 |
|
|
|a article10
|
| 999 |
|
|
|c 1903513
|d 1905443
|